NBA Three Point Contest Winners - Statistics

General Stats
  • This quiz has been taken 7 times
  • The average score is 13 of 40
Answer Stats
Hint Answer % Correct
2021 Stephen Curry
100%
2015 Stephen Curry
100%
2026 Damian Lillard
67%
2024 Damian Lillard
67%
2023 Damian Lillard
67%
2016 Klay Thompson
67%
1988 Larry Bird
67%
1987 Larry Bird
67%
1986 Larry Bird
67%
2001 Ray Allen
67%
1997 Steve Kerr
67%
1992 Craig Hodges
33%
1991 Craig Hodges
33%
1990 Craig Hodges
33%
1989 Dale Ellis
33%
2018 Devin Booker
33%
2017 Eric Gordon
33%
2019 Joe Harris
33%
2022 Karl-Anthony Towns
33%
2012 Kevin Love
33%
2010 Paul Pierce
33%
2003 Peja Stojakovic
33%
2002 Peja Stojakovic
33%
2005 Quentin Richardson
33%
2025 Tyler Herro
33%
2020 Buddy Hield
0%
2009 Daequan Cook
0%
2006 Dirk Nowitzki
0%
1995 Glen Rice
0%
2011 James Jones
0%
2008 Jason Kapono
0%
2007 Jason Kapono
0%
2000 Jeff Hornacek
0%
1998 Jeff Hornacek
0%
2013 Kyrie Irving
0%
2014 Marco Belinelli
0%
1994 Mark Price
0%
1993 Mark Price
0%
1996 Tim Leger
0%
2004 Voshon Lenard
0%
No matching quizzes found
Score Distribution
Percent of People with Each Score
Percentile by Number Answered
Your Score History
You have not taken this quiz